000 00598nam a2200241Ia 4500
003 OSt
005 20220930190237.0
006 a|||||r|||| 00| 0
007 ta
008 220926b |||||||| |||| 00| 0 mal d
024 _a58976
037 _cTextbook
040 _aCRL
_cCRL
_bmal
041 _2mal
_amal
082 _aV73:1.N5, 32K6
100 _aSripatha Shridevi Au.
_9558679
245 0 _aInnathe America
260 _c1966
300 _a210p.
_ccm.
650 _aHISTORY
942 _hV73:1.N5, 32K6
_cTB
_2CC
999 _c891861
_d891861